Informe anual 2013 (Record no. 11166)

MARC details
000 -LEADER
campo de control de longitud fija 00352nam a2200133Ia 4500
001 - NÚMERO DE CONTROL
campo de control 3806
008 - DATOS DE LONGITUD FIJA--INFORMACIÓN GENERAL
campo de control de longitud fija 241024s9999 xx 000 0 und d
082 ## - NÚMERO DE LA CLASIFICACIÓN DECIMAL DEWEY
Número de clasificación 338.9/J6i/2013
100 ## - ENTRADA PRINCIPAL--NOMBRE DE PERSONA
Nombre de persona JICA (Agencia de cooperación internacional del Japón)
245 #0 - MENCIÓN DEL TÍTULO
Título Informe anual 2013
260 ## - PUBLICACIÓN, DISTRIBUCIÓN, ETC.
Nombre del editor, distribuidor, etc. Japón
Fecha de publicación, distribución, etc. 2013
901 ## - ELEMENTOS DE DATOS A LOCAL LDA (RLIN)
a 28/7/2014 8:57:32 a.m.

No items available.

© 2024. Todos los Derechos Reservados. Desarrollado por IDEICE